| 000 | 01156nam a22002897a 4500 | ||
|---|---|---|---|
| 001 | BR9102479 | ||
| 003 | BR-BrBNA | ||
| 005 | 20230928093615.0 | ||
| 007 | ta | ||
| 008 | 230509b bl.||||| |||| 00| 0 por d | ||
| 040 |
_aBR-BrBNA _bpor _cBiblioteca Nacional de Agricultura |
||
| 041 | _a(Por) | ||
| 072 |
_aH10 _b0337 _b4020 |
||
| 090 | _ 0337 BR9102479 | ||
| 100 | 1 | _aBoica Junior, A.L. | |
| 110 | 1 |
_aEscola Superior de Agricultura Luiz de Queiroz, Piracicaba, SP (Brasil) _0Tese (Doutor em Ciencias) |
|
| 245 | 1 | _aInfestacao, nao-preferencia para alimentacao e aspectos biologicos de Chlosyne lacinia saundersii Doubleday Hewitson, 1849 (Lepidoptera, Nymphalidae)em cultivares de girassol | |
| 246 | 1 | _aInfestation, non-preference for feeding and biological aspects of Chlosyne lacinia saundersii Doubleday Hewitson, 1849 (Lepidoptera, Nymphalidae)in sunflower cultivars | |
| 260 | 3 |
_aPiracicaba, SP (Brasil): _c1991. |
|
| 300 | _a159 p. | ||
| 500 | _a13 illus.; 34 tables; 41 ref.; Summaries (Eng, Por) | ||
| 650 | _aGIRASSOL | ||
| 650 | _aLEPIDOPTERO | ||
| 650 | _aINFESTACAO | ||
| 909 |
_a202309 _bLucia _c55 _dLucia Elande |
||
| 942 | _cBK | ||
| 999 |
_c45977 _d45977 |
||